Laserové mikroobrábanie biokompatibilného práškového Ti kompaktu

Uložené v:
Podrobná bibliografia
Hlavný autor: Malíková, Marta (Autor)
Ďalší autori: Šugár, Peter (Vedúci práce)
Médium: Rukopis Kniha
Jazyk:Slovak
Vydavateľské údaje: 2018
Predmet:
On-line prístup:http://is.stuba.sk/zp/portal_zp.pl?podrobnosti=138469
Tagy: Pridať tag
Žiadne tagy, Buďte prvý, kto otaguje tento záznam!

MARC

LEADER 00000ntm a22000003a 4500
001 stuzp68011
003 SK-STU
005 20180820155735.6
007 ta
008 150427s2015----xo-----f-mn---000-0-slo-d
040 |a STU  |b slo 
041 0 |a slo 
100 1 |a Malíková, Marta  |u 063000  |4 aut  |U MTF Materiálovotechnologická fakulta  |T MTF Ústav výrobných technológií  |X 71699  |U M3000  |Y 83  |7 71699 
242 0 1 |a Laser beam machining of biocompatible powder metalurgy Ti compact  |y eng 
245 1 0 |a Laserové mikroobrábanie biokompatibilného práškového Ti kompaktu 
260 |c 2018 
650 4 |a laserové mikroobrábanie  |2 slo 
650 4 |a biokompatibilné materiály  |2 slo 
650 4 |a prášková metalurgia  |2 slo 
650 4 |a PM Ti kompakt  |2 slo 
650 4 |a drsnosť obrobeného povrchu  |2 slo 
650 4 |a laser micromachining  |2 eng 
650 4 |a roughness machined surface  |2 eng 
650 4 |a biocompatible materials  |2 eng 
650 4 |a powder metallurgy  |2 eng 
650 4 |a PM Ti compact  |2 eng 
700 1 |a Šugár, Peter  |u 063600  |k Z1  |4 ths  |U MTF Ústav výrobných technológií  |T MTF Katedra obrábania a tvárnenia  |X 3552  |U M3600  |Y 841  |7 A000003552 
856 4 |u http://is.stuba.sk/zp/portal_zp.pl?podrobnosti=138469 
996 |c M* DP-13454  |l MMSKP  |s P  |a 0  |w stuzp68011_0001